Statistics for Do You Know The Boston Celtics Players?

Click here to take the quiz!

General Stats

  • This quiz has been taken 72 times
  • The average score is 9 of 13

Answer Stats

Answer % Correct
Kyrie Irving
97%
Jayson Tatum
97%
Jaylen Brown
94%
Al Horford
94%
Terry Rozier
88%
Gordon Hayward
86%
Marcus Smart
85%
Aron Baynes
80%
Marcus Morris
52%
Daniel Theis
50%
Semi Ojeleye
33%
Shane Larkin
26%
Abdel Nader
11%

Score Distribution

Percentile by Number Answered

Percent of People with Each Score

Your Score History

You have not taken this quiz